000 00294nam a22001337a 4500
008 181011b xxu||||| |||| 00| 0 eng d
020 _a9789951430494
041 _aeng
080 _a330
100 _a58
101 _aBIZ
245 _aNga teoria në praktikë
_cMustafa,M
942 _2udc
_cBK
999 _c49365
_d49365